| 000 | 00352nam a22001337a 4500 | ||
|---|---|---|---|
| 008 | 220718b |||||||| |||| 00| 0 eng d | ||
| 082 | _aENGLISH CAP NO.84 | ||
| 100 | _aYangchen, Pema | ||
| 245 | _aThe tale of Rolongs | ||
| 260 |
_aThimphu : _bRoyal Thimphu College, _c2022. |
||
| 300 |
_a27 p. _c30 cm. |
||
| 650 | _aStudent research work | ||
| 942 | _2ddc | ||
| 999 |
_c9031 _d9032 |
||